[Event "Challenge 2 - A revanche"]
[Site "http://www.queenalice.com/game.php?id=106137"]
[Date "2006.9.15"]
[Round "-"]
[White "FrEdd"]
[Black "VypeR"]
[Result "0-1"]
[WhiteElo "1500"]
[BlackElo "1554"]

1. e4 e5 2. d3 g6 3. g3 Nc6 4. Nf3 d6 5. Bg2 Bg4 6. O-O Nd4 7. Nxd4 Bxd1 8. Rxd1
Nf6 9. c4 exd4 10. Nd2 Bg7 11. b3 O-O 12. Re1 c5 13. a4 Ng4 14. h3 Ne5 15. Bf1
a5 16. Ba3 b6 17. h4 Bh6 18. f4 Ng4 19. Be2 Qc8 20. Rf1 Ne3 21. Rf3 Nc2 22. Ra2
Nxa3 23. Rxa3 Qg4 24. Ra1 Bxf4 25. Raf1 Bxd2 26. R1f2 Ra7 27. Rf4 Qh3 28. Bg4
Qxg3+ 29. Kf1 Qxd3+ 30. Be2 Qh3+ 31. Rg2 Qxb3 32. h5 Bxf4 0-1

[Event "Challenge"]
[Site "http://www.queenalice.com/game.php?id=111324"]
[Date "2006.9.29"]
[Round "-"]
[White "Susi"]
[Black "FrEdd"]
[Result "1-0"]
[WhiteElo "1279"]
[BlackElo "1327"]

1. e4 e5 2. d3 d6 3. Nf3 Nc6 4. Bg5 f6 5. Bh4 b6 6. Nc3 Bb7 7. Qd2 Qe7 8. Nd5
Qd7 9. O-O-O O-O-O 10. Be2 Qg4 11. Nxe5 Qxg2 12. Rhg1 Qxh2 13. Bg4+ Kb8 14. Nf3
Qxg1 15. Nxg1 g5 16. Bg3 h5 17. Be6 h4 18. Bh2 Bh6 19. Qc3 Re8 20. Bd7 Rd8 21.
Bxc6 Rh7 22. Ne2 Ne7 23. Bxb7 Kxb7 24. Qxc7+ Ka6 25. Nb4+ Kb5 26. Nd4+ Kxb4 27.
Qc4+ Ka5 28. Qb5# 1-0

[Event "Porra é o cu da cachorra"]
[Site "http://www.queenalice.com/game.php?id=114232"]
[Date "2006.10.7"]
[Round "-"]
[White "FrEdd"]
[Black "VypeR"]
[Result "0-1"]
[WhiteElo "1338"]
[BlackElo "1562"]

1. e4 e5 2. d3 Nf6 3. Nf3 Nc6 4. Nc3 g6 5. g3 Bg7 6. Bg2 O-O 7. O-O d5 8. d4
exd4 9. Nxd5 Nxd5 10. Nxd4 Nxd4 11. Qxd4 Bxd4 12. exd5 Bf5 13. c3 Bc5 14. c4 c6
15. a3 cxd5 16. cxd5 b5 17. Bd2 a5 18. Rae1 Re8 19. Bc3 Rxe1 20. Rxe1 Rb8 21. b4
axb4 22. axb4 Be7 23. Bf3 Qc7 24. Re3 Bg5 25. Be5 Qc1+ 26. Kg2 Bxe3 27. fxe3
Qd2+ 28. Kf1 Qxe3 29. Bxb8 Qxf3+ 30. Ke1 Qc3+ 31. Ke2 Qd3+ 32. Ke1 Qxd5 33. Bf4
Bd3 34. Kd2 Qf3 35. Kc3 Bc4+ 36. Kd4 Qd5+ 37. Kc3 Qd3+ 38. Kb2 Qb3+ 39. Kc1 Bd3
40. Kd2 Qc2+ 0-1

[Event "Challenge"]
[Site "http://www.queenalice.com/game.php?id=117232"]
[Date "2006.10.15"]
[Round "-"]
[White "hugo10"]
[Black "FrEdd"]
[Result "0-1"]
[WhiteElo "1418"]
[BlackElo "1178"]

1. e4 e5 2. Bc4 d6 3. Qf3 Nf6 4. Nc3 Nc6 5. g4 Bxg4 6. Qf5 Bxf5 7. exf5 Qd7 8.
Nb5 Qxf5 9. Nxc7+ Kd8 10. Nxa8 Qc8 11. c3 Qxa8 12. Bxf7 Qc8 13. d4 exd4 14. cxd4
Qd7 15. Bc4 Nxd4 16. Kd1 Qg4+ 17. f3 Qg2 18. b3 Qxh1 19. Bb2 Qxg1+ 20. Kd2 Qxh2+
21. Kc1 Qc2# 0-1

[Event "Challenge"]
[Site "http://www.queenalice.com/game.php?id=120487"]
[Date "2006.10.24"]
[Round "-"]
[White "VypeR"]
[Black "FrEdd"]
[Result "1-0"]
[WhiteElo "1623"]
[BlackElo "1342"]

1. e4 e5 2. Nc3 Nc6 3. Nf3 Nf6 4. g3 g6 5. Bg2 Bg7 6. O-O O-O 7. d3 d6 8. h3 a5
9. a4 b6 10. b3 Ba6 11. Bd2 Re8 12. Ng5 Re7 13. Be3 h6 14. Nf3 Na7 15. Qb1 d5
16. exd5 Nxd5 17. Nxd5 Qxd5 18. Nxe5 Qd8 19. Bxa8 Qxa8 20. Bd4 Qd8 21. Nf3 Bxd4
22. Nxd4 Qxd4 23. Re1 Nc6 24. Rxe7 Nxe7 25. Qe1 Kf8 26. Ra3 Qb2 27. Qa1 Qxc2 28.
d4 Nd5 29. Qe1 Qb2 30. Qa1 Qc2 31. Qa2 Qd1+ 32. Kg2 Ne3+ 33. Kh2 Qf1 34. fxe3
Bc8 35. Qg2 Qc1 36. Qa8 Qxa3 37. Qxc8+ Kg7 38. Qxc7 Qa2+ 39. Kg1 Qe2 40. Qe5+
Kh7 41. d5 Qe1+ 42. Kg2 Qe2+ 43. Kh1 Qf1+ 44. Kh2 h5 45. Qf4 Qe2+ 46. Kg1 f5 47.
Qf2 Qd1+ 48. Qf1 Qxd5 49. Qb5 Qd1+ 50. Kf2 Qd2+ 51. Kf3 Qd1+ 52. Kf4 Qh1 53.
Qd7+ Kh6 54. Qe7 Qxh3 55. Qg5+ Kg7 56. Qe7+ Kh6 57. Qf8+ Kh7 58. Kg5 Qg4+ 59.
Kf6 Qxg3 60. Qg7# 1-0

[Event "Challenge"]
[Site "http://www.queenalice.com/game.php?id=121329"]
[Date "2006.10.25"]
[Round "-"]
[White "hugo10"]
[Black "FrEdd"]
[Result "0-1"]
[WhiteElo "1429"]
[BlackElo "1395"]

1. e4 e5 2. Qf3 Qe7 3. Nc3 g6 4. Nb5 Na6 5. b4 c6 6. Nc3 b5 7. Bb2 Nf6 8. O-O-O
c5 9. Bxb5 Bh6 10. Bc4 Nxb4 11. Nd5 Nxa2+ 12. Bxa2 Nxd5 13. exd5 e4 14. Qe3 Bxe3
15. Bxh8 Bxf2 16. Rf1 Bh4 17. g3 Bg5 18. d6 Qxd6 19. Bxf7+ Kd8 20. Bf6+ Bxf6 21.
h4 Rb8 22. h5 Ba6 23. d3 Bg5+ 24. Kd1 Rb1+ 25. Ke2 Bxd3+ 26. Kf2 Rxf1+ 27. Kg2
c4 28. hxg6 hxg6 29. cxd3 Qxd3 30. Rh8+ Ke7 31. Nh3 Qe2+ 32. Nf2 Qxf2+ 33. Kh3
Rg1 34. Re8+ Kxf7 35. Rxe4 Rh1+ 36. Kg4 Bc1 37. Rxc4 Qe2# 0-1

[Event "Challenge"]
[Site "http://www.queenalice.com/game.php?id=125041"]
[Date "2006.11.3"]
[Round "-"]
[White "FrEdd"]
[Black "Juventus"]
[Result "1-0"]
[WhiteElo "1325"]
[BlackElo "1462"]

1. e4 g6 2. d3 Nh6 3. Nc3 Bg7 4. Bd2 O-O 5. Qe2 Na6 6. O-O-O d6 7. b3 Bg4 8. f3
Be6 9. Kb1 Qd7 10. Qe3 f5 11. f4 fxe4 12. Qxe4 Nc5 13. Qe3 Bd5 14. Nxd5 Rf5 15.
Nxe7+ Kf7 16. Nxf5 gxf5 17. Nf3 Re8 18. Ng5+ Kf8 19. Qg3 Ne6 20. Nxh7+ Kf7 21.
Ng5+ Kf6 22. Nh7+ Kf7 23. Be2 Rh8 24. Bh5+ Kg8 25. Nf6+ 1-0

[Event "Challenge"]
[Site "http://www.queenalice.com/game.php?id=125537"]
[Date "2006.11.5"]
[Round "-"]
[White "alequis"]
[Black "FrEdd"]
[Result "1-0"]
[WhiteElo "1577"]
[BlackElo "1419"]

1. e4 e5 2. Nf3 f6 3. d4 d6 4. d5 Na6 5. Bb5+ Bd7 6. Bxa6 bxa6 7. Nc3 c6 8. Nh4
Nh6 9. Bxh6 gxh6 10. Qh5+ Ke7 11. O-O Rg8 12. Nf5+ Bxf5 13. Qxf5 Qd7 14. Qxh7+
Rg7 15. Qf5 Rg5 16. Qf3 Rb8 17. Rab1 c5 18. b3 f5 19. Ne2 Kd8 20. Ng3 Rb4 21.
Nxf5 h5 22. Nh4 Rg4 23. Qxf8+ Qe8 24. Qxd6+ Qd7 25. Qxd7+ Kxd7 26. c3 Rbxe4 27.
g3 Rg8 28. f3 Re3 29. c4 Rf8 30. Rbe1 Rc3 31. Rxe5 Rf6 32. Rfe1 Kd6 33. Re6+
Rxe6 34. Rxe6+ Kd7 35. Rxa6 Rc1+ 36. Kg2 Kc7 37. Rxa7+ Kb6 38. Rh7 Ra1 39. Rh6+
Kc7 40. Rc6+ Kd7 41. g4 Rxa2+ 42. Kg3 hxg4 43. fxg4 Ra3 44. Rxc5 Rxb3+ 45. Nf3
Kd6 46. Rc8 Kd7 47. Rg8 Kd6 48. g5 Kc5 49. g6 1-0

[Event "Challenge"]
[Site "http://www.queenalice.com/game.php?id=125788"]
[Date "2006.11.6"]
[Round "-"]
[White "Feu"]
[Black "FrEdd"]
[Result "1-0"]
[WhiteElo "1580"]
[BlackElo "1452"]

1. e4 e5 2. Nf3 d6 3. c3 Nc6 4. d4 d5 5. Nbd2 Bg4 6. Be2 Qd7 7. h3 Bh5 8. Nxe5
Nxe5 9. Bxh5 Nd3+ 10. Ke2 Qb5 11. Ke3 Nxb2 12. Qe2 Nc4+ 13. Nxc4 dxc4 14. Qd2
Qg5+ 15. Ke2 Qxh5+ 16. Kf1 Nf6 17. e5 Ne4 18. Qe3 Qd1+ 19. Qe1 Qd3+ 20. Kg1 Qxc3
21. Qxc3 Nxc3 22. Kh2 O-O-O 23. Be3 f6 24. Rhc1 Ne2 25. Rxc4 fxe5 26. dxe5 Be7
27. Re1 b5 28. Rc2 Nd4 29. Rcc1 Nf5 30. Bxa7 Rhf8 31. Rb1 Nh4 32. Rxb5 c6 33.
Rb3 g5 34. a4 Rd7 35. Bb6 Rb7 36. a5 Ng6 37. a6 Rb8 38. a7 Ra8 39. e6 Bd6+ 40.
g3 Rxf2+ 41. Bxf2 c5 42. Bxc5 Bxc5 43. Rc1 Rxa7 44. Rxc5+ Kd8 45. Rxg5 Ra2+ 46.
Kg1 Ke7 47. Rb7+ Kf6 48. Rh5 Kxe6 49. Rhxh7 Ra1+ 50. Kf2 Ra2+ 51. Kf3 Ne5+ 52.
Kf4 Rf2+ 53. Ke4 Re2+ 54. Kd4 Nf3+ 55. Kc5 Re5+ 56. Kb6 Kf5 57. Rh5+ Ng5 58. h4
Kg4 59. Rxg5+ Rxg5 60. hxg5 Kxg5 61. Rg7+ Kf6 62. Rg8 Kf7 63. Rg4 Kf6 64. Kc6
Kf5 65. Rg8 Kf6 66. Kd6 Kf7 67. Rg5 Kf6 68. Re5 Kf7 69. Re6 Kg7 70. Ke7 Kh7 71.
Kf7 Kh8 72. Rh6# 1-0

[Event "CalaMMMMbresa"]
[Site "http://www.queenalice.com/game.php?id=132631"]
[Date "2006.11.23"]
[Round "-"]
[White "VypeR"]
[Black "FrEdd"]
[Result "1-0"]
[WhiteElo "1560"]
[BlackElo "1426"]

1. e4 e5 2. Nf3 Nf6 3. Nc3 Nc6 4. Bc4 Qe7 5. Nb5 Qd8 6. Nc3 b6 7. Ng5 Qe7 8.
Bxf7+ Kd8 9. Bc4 h6 10. Nf7+ Ke8 11. Nxh8 Qc5 12. Bd5 Nxd5 13. exd5 Nd4 14. Qh5+
Kd8 15. Nf7+ Ke7 16. Nxe5 Nxc2+ 17. Kf1 Ba6+ 18. d3 Nxa1 19. Qf7+ Kd6 20. Ne4+
Kxe5 21. Nxc5 bxc5 22. Bf4+ Kd4 23. Ke2 Bxd3+ 24. Kd2 Nc2 25. Qxd7 Rb8 26. Bxc7
Rb7 27. Be5+ Kxe5 28. Qxb7 c4 29. b3 c3+ 30. Kxc3 Ke4 31. d6+ 1-0

[Event "Challenge"]
[Site "http://www.queenalice.com/game.php?id=135098"]
[Date "2006.11.30"]
[Round "-"]
[White "angelita"]
[Black "FrEdd"]
[Result "0-1"]
[WhiteElo "1078"]
[BlackElo "1432"]

1. e4 e5 2. Bb5 c6 3. Ba4 b5 4. Bb3 g6 5. Qf3 Nf6 6. Qf5 gxf5 7. exf5 d6 8. Nh3
Bxf5 9. Ng5 Rg8 10. Bxf7+ Ke7 11. h4 Rg7 12. f3 h6 13. g4 hxg5 14. Bb3 Bg6 15.
hxg5 Nd5 16. Rh8 Nb4 17. c3 Nc2+ 18. Bxc2 Bxc2 19. b4 e4 20. fxe4 Bxe4 21. d3
Bxd3 22. Kd2 Bc4 23. Na3 d5 24. Nc2 a5 25. bxa5 Qxa5 26. Nb4 c5 27. Ke3 d4+ 28.
cxd4 Qxb4 29. Bd2 cxd4+ 30. Kxd4 Qxd2+ 31. Kc5 Qd5+ 32. Kb4 Ra4+ 33. Kc3 Ra3+
34. Kb2 Qd3 35. Re1+ Be6 36. g6 Rxg6 37. Rh7+ Rg7 38. Rc1 Rxa2# 0-1